Quiz o Opalenicy - Statystyki

Ogólne statystyki
  • Ten quiz został rozwiązany 5 razy
  • Średni wynik to 4 z 9
Statystyki odpowiedzi
Wskazówka Odpowiedź % Poprawnych
Reprezentacja tego państwa przebywała w Opalenicy podczas EURO 2012 Portugalia
100%
W okresie PRL największym zakładem produkcyjnym była druga co do wielkości w Polsce... Cukrownia
80%
Pierwszy taki polski pojazd produkowany w Opalenicy Motocykl
80%
Magistrala kolejowa biegnąca przez miasto (skąd dokąd) Warszawa - Berlin
60%
Przyczyna zniknięcia trzech drewnianych wiatraków w Opalenicy Pożar
40%
Obecny burmistrz Opalenicy Tomasz Szulc
40%
Rok nadania praw miejskich 1400
0%
Przyczyna zniknięcia trzech drewnianych wiatraków w Opalenicy Rozebranie
0%
Konstruktor tego pojazdu Władysław Zalewski
0%
Nie znaleziono quizów pasujących do podanych kryteriów
Rozkład punktacji
Procent ludzi z każdym wynikiem
Percentyl według liczby udzielonych odpowiedzi
Twoja historia wyników
Nie rozwiązałeś tego quizu